00204nam a2200097Ia 4500008004100000082000800041100001100049245002500060942000600085999001500091240331s9999 xx 000 0 und d bROY aRoy, A 4aThe great common god cL c2233d2233